00423nam a2200193Ia 4500008004000000041000800040082001100048100000600059245004400065260004500109300000700154650000700161650001200168650001400180650000800194650000900202650000900211650000900220210210b1947 xxu||||| |||| 00| 0 eng d aeng a960/96 a- aIAS political science from 1947 to date aNew DelhibCareers Institute Regd.c1947 a28 ato ascience apolitical aIAS afrom adate a1947